000 00455cam a2200193ua 4500
001 9020
008 150220n ii |||gr||||Z||||||asm
040 _cMAIN
041 _aasm
082 _a294.592
100 _aSaikia, S. Ch.,
_eAuthor.
245 1 _aUpanishada parichoy
_cBy S. Ch. Saikia
250 _a1st.
260 _aSivasagar:
_bSankardeva,
_c2013.
300 _a80p.
653 _aReligions ofIndic origin
653 _aHinduism
942 _cBK
999 _c8111
_d8111